00288nam a2200121Ia 45000030006000000080041000060400015000471000016000622450050000782600009001285460012001370050017001490STCL150530s9999 xx 000 0 und d aSTCLcSTCL aShakespeare aComplete works of William Shakespeare Vol-III c1914 aEnglish20220125170942.0